[Event "Newcastle Northumbria Masters"]
[Site "Newcastle on Tyne"]
[Date "2021.08.30"]
[Round "9"]
[White "Hutchinson, Paul A"]
[Black "Gillespie, David Paul"]
[Result "1-0"]
[WhiteElo "2120"]
[BlackElo "1862"]
[PlyCount "123"]
[EventDate "2021.08.26"]
[EventType "swiss"]
[EventRounds "9"]
[EventCountry "ENG"]
[SourceTitle "CBM 204 Extra"]
[Source "ChessBase"]
[SourceDate "2021.11.30"]
[SourceVersion "1"]
[SourceVersionDate "2021.11.30"]
[SourceQuality "1"]

1. d4 d5 2. Nf3 Nf6 3. Bf4 c5 4. e3 Nc6 5. Nbd2 e6 6. c3 Bd6 7. dxc5 Bxc5 8. Be2 0-0 9. Qc2 Bd7 10. b4 Be7 11. a4 Rc8 12. Qb3 Nh5 13. Bg3 Nxg3 14. hxg3 Bf6 15. 0-0 Qc7 16. Rac1 Ne5 17. Nxe5 Qxe5 18. Nf3 Qb8 19. c4 dxc4 20. Bxc4 b5 21. axb5 Bxb5 22. Rfd1 Bxc4 23. Rxc4 Rxc4 24. Qxc4 Rc8 25. Qa6 Rc7 26. b5 Rb7 27. Rc1 h6 28. Nd4 Bxd4 29. exd4 Kh7 30. Rc5 Rb6 31. Qa4 g6 32. Qc4 Rb7 33. Kh2 Qd6 34. f4 Rd7 35. Qc3 Qxd4 36. Qxd4 Rxd4 37. Rc7 Kg7 38. Rxa7 h5 39. b6 Rb4 40. b7 Rb1 41. g4 hxg4 42. Kg3 Rb2 43. Kxg4 Rxg2+ 44. Kf3 Rb2 45. Ke3 Kf6 46. Kd4 Kf5 47. Kc5 Rc2+ 48. Kd6 Rb2 49. Kc7 Kxf4 50. b8Q Rxb8 51. Kxb8 g5 52. Rxf7+ Kg3 53. Kc7 g4 54. Kd6 Kg2 55. Ke5 g3 56. Kf4 e5+ 57. Ke3 Kh1 58. Rh7+ Kg1 59. Kf3 g2 60. Kg3 Kf1 61. Rf7+ Kg1 62. Rf2 1-0

[Event "Nottingham 4NCL Major op"]
[Site "Nottingham"]
[Date "2018.09.29"]
[Round "2"]
[White "Gillespie, David Paul"]
[Black "Di Vetta, Andrew"]
[Result "1-0"]
[WhiteElo "1850"]
[BlackElo "1681"]
[PlyCount "117"]
[EventDate "2018.09.28"]
[EventType "swiss"]
[EventRounds "5"]
[EventCountry "ENG"]
[SourceTitle "CBM 187 Extra"]
[Source "ChessBase"]
[SourceDate "2018.11.04"]
[SourceVersion "1"]
[SourceVersionDate "2018.11.04"]
[SourceQuality "1"]

1. e4 c5 2. Nf3 d6 3. g3 Nc6 4. Bg2 g6 5. 0-0 Bg7 6. Re1 e5 7. d3 Nge7 8. c3 0-0 9. Na3 f5 10. Qb3+ d5 11. exd5 Qxd5 12. Qxd5+ Nxd5 13. Nxe5 Nxe5 14. Bxd5+ Kh8 15. d4 cxd4 16. cxd4 Nd3 17. Rd1 Rd8 18. Nb5 Nb4 19. Bg5 Rxd5 20. Nc7 Rb8 21. Bf4 Rd8 22. Nb5 Bd7 23. Bxb8 Bxb5 24. Bxa7 Nc2 25. Rac1 Nxd4 26. Bxd4 Bxd4 27. Rd2 Kg7 28. Rcd1 Bxf2+ 29. Kxf2 Ra8 30. b3 Bc6 31. a4 Ra5 32. Rd7+ Kh6 33. Rc7 Rc5 34. Rd2 Rc3 35. Rb2 Rf3+ 36. Ke2 Be4 37. a5 g5 38. Rc4 Kh5 39. Ra4 Kg4 40. Ke1 h5 41. b4 Kh3 42. b5 Rd3 43. a6 bxa6 44. Rxa6 Rd7 45. b6 h4 46. gxh4 Kxh4 47. Ra7 Rd8 48. Ra4 Rb8 49. Kf2 Kg4 50. Ke3 Re8 51. b7 Rb8 52. Rxe4+ fxe4 53. Kxe4 Kh3 54. Kd5 g4 55. Kc6 Rh8 56. Kc7 Rh7+ 57. Kb6 Rh6+ 58. Ka7 Rh7 59. Ka8 1-0

[Event "Nottingham 4NCL Major op"]
[Site "Nottingham"]
[Date "2018.09.29"]
[Round "3"]
[White "Molano Lafuente, Ismael"]
[Black "Gillespie, David Paul"]
[Result "1-0"]
[WhiteElo "1968"]
[BlackElo "1850"]
[PlyCount "67"]
[EventDate "2018.09.28"]
[EventType "swiss"]
[EventRounds "5"]
[EventCountry "ENG"]
[SourceTitle "CBM 187 Extra"]
[Source "ChessBase"]
[SourceDate "2018.11.04"]
[SourceVersion "1"]
[SourceVersionDate "2018.11.04"]
[SourceQuality "1"]

1. f4 d5 2. Nf3 c5 3. e3 Nf6 4. b3 Bg4 5. Bb2 e6 6. h3 Bxf3 7. Qxf3 Be7 8. Bb5+ Nbd7 9. 0-0 0-0 10. Bxd7 Qxd7 11. d3 b5 12. Nd2 Rac8 13. Rad1 d4 14. e4 Qc7 15. Qe2 Qa5 16. Ra1 Qc7 17. Kh1 Kh8 18. g4 g6 19. Rf3 Kg7 20. Rg1 Rcd8 21. Bc1 e5 22. Nf1 Nd7 23. f5 g5 24. Ng3 f6 25. h4 h6 26. Nh5+ Kg8 27. Rh3 Kf7 28. Qh2 Rh8 29. Ng3 Qb8 30. hxg5 hxg5 31. Rh7+ Rxh7 32. Qxh7+ Ke8 33. Qg6+ Kf8 34. Rg2 1-0

[Event "Benidorm op U2000 11th"]
[Site "Benidorm"]
[Date "2012.11.30"]
[Round "1"]
[White "Roca Cruz, Rafael"]
[Black "Gillespie, David Paul"]
[Result "1-0"]
[WhiteElo "1992"]
[BlackElo "1797"]
[PlyCount "91"]
[EventDate "2012.11.30"]
[EventType "swiss"]
[EventRounds "10"]
[EventCountry "ESP"]
[SourceTitle "EXT 2014"]
[Source "ChessBase"]
[SourceDate "2013.11.20"]
[SourceVersion "1"]
[SourceVersionDate "2013.11.20"]
[SourceQuality "1"]

1. e4 c5 2. Nf3 d6 3. d4 cxd4 4. Nxd4 Nf6 5. Nc3 a6 6. Be2 e5 7. Nb3 Be6 8. Be3 Nbd7 9. a4 Be7 10. 0-0 0-0 11. a5 Rc8 12. f3 Qc7 13. Qd2 Rfd8 14. Rfd1 Nc5 15. Nxc5 dxc5 16. Qe1 Rxd1 17. Bxd1 Rd8 18. Na4 Nh5 19. b4 Nf4 20. Nxc5 Bxc5 21. Bxc5 Qd7 22. Be2 Qd2 23. Qxd2 Rxd2 24. Bf1 Rxc2 25. Rd1 h5 26. g3 Nh3+ 27. Bxh3 Bxh3 28. Rd8+ Kh7 29. Rb8 Be6 30. Rxb7 Bc4 31. Bd6 Kg6 32. Bxe5 Bb5 33. Rb6+ f6 34. Bd6 Rc1+ 35. Kf2 Rf1+ 36. Ke3 Rc1 37. Bc5 Rc3+ 38. Kf2 Rc2+ 39. Ke3 Rc3+ 40. Kd2 Rxf3 41. Rxb5 axb5 42. a6 Ra3 43. a7 Kf7 44. Bb6 Ke6 45. Ba5 Ra2+ 46. Kc3 1-0

[Event "Vilnius op"]
[Site "Vilnius"]
[Date "2011.11.25"]
[Round "7"]
[White "Novikovas, Anatolijus"]
[Black "Gillespie, David Paul"]
[Result "0-1"]
[WhiteElo "1959"]
[BlackElo "1749"]
[PlyCount "118"]
[EventDate "2011.11.19"]
[EventType "swiss"]
[EventRounds "9"]
[EventCountry "LTU"]
[SourceTitle "CBM 145 Extra"]
[Source "ChessBase"]
[SourceDate "2012.01.03"]
[SourceVersion "1"]
[SourceVersionDate "2012.01.03"]
[SourceQuality "1"]

1. e4 c5 2. Nf3 d6 3. d4 cxd4 4. Nxd4 Nf6 5. Nc3 a6 6. Bg5 e6 7. f4 Be7 8. Qf3 h6 9. Bxf6 Bxf6 10. 0-0-0 Qb6 11. Nb3 Qc7 12. Ne2 b5 13. Qd3 Be7 14. g4 Nd7 15. Bg2 Bb7 16. h4 Rc8 17. g5 Nc5 18. Nxc5 dxc5 19. Qc3 Rg8 20. Rhf1 b4 21. Qg3 hxg5 22. hxg5 c4 23. g6 c3 24. gxf7+ Kxf7 25. Kb1 cxb2 26. Qb3 Qc4 27. Ng3 Qxb3 28. axb3 Rc3 29. Bf3 Rgc8 30. Rd2 Bc6 31. f5 e5 32. Rg2 Bb5 33. Rff2 Bh4 34. Kxb2 a5 35. Bh5+ Kf6 36. Bf3 Be8 37. Rf1 Bxg3 38. Rxg3 Rxc2+ 39. Kb1 R2c3 40. Kb2 Bf7 41. Rg2 Rxb3+ 42. Ka1 Ra3+ 43. Kb1 Rb3+ 44. Ka1 Rbc3 45. Rd2 R8c6 46. Be2 b3 47. Rfd1 Bc4 48. Bxc4 R3xc4 49. Rd6+ Rxd6 50. Rxd6+ Kg5 51. Rd5 Rxe4 52. Rxa5 Kxf5 53. Kb2 Re3 54. Ra8 g5 55. Rg8 g4 56. Kc1 Re2 57. Rf8+ Ke4 58. Rc8 Kf3 59. Rb8 b2+ 0-1